[Event "Madurai Athens of the East op-C 4th"]
[Site "Madurai"]
[Date "2024.12.30"]
[Round "9"]
[White "Caris Jeshurun, A."]
[Black "Kavinkumar, G."]
[Result "0-1"]
[WhiteElo "1622"]
[BlackElo "1769"]
[PlyCount "100"]
[EventDate "2024.12.28"]
[EventType "swiss"]
[EventRounds "9"]
[EventCountry "IND"]
[SourceTitle "CB02_2025"]
[SourceDate "2025.01.08"]
[SourceVersion "1"]
[SourceVersionDate "2025.01.08"]
[SourceQuality "1"]

1. d4 d5 2. c4 c6 3. g3 Nf6 4. Bg2 Bf5 5. cxd5 cxd5 6. Qb3 Nc6 7. Nf3 Rc8 8. 0-0 Na5 9. Qa4+ Bd7 10. Qd1 e6 11. Ne5 Nc4 12. Nxd7 Qxd7 13. Nd2 Bd6 14. Nxc4 Rxc4 15. Bg5 Ne4 16. Bxe4 dxe4 17. Rc1 Rxc1 18. Qxc1 0-0 19. Qd2 Rc8 20. Rc1 Rxc1+ 21. Qxc1 Qc7 22. Qxc7 Bxc7 23. Bd2 b5 24. Bb4 f5 25. a3 Kf7 26. Bc5 a5 27. b4 a4 28. f3 exf3 29. exf3 Ke8 30. Kf2 Kd7 31. Bf8 g6 32. Bg7 Kc6 33. Ke3 Kd5 34. Kd3 g5 35. Bf6 h6 36. Bg7 h5 37. Bf6 f4 38. g4 hxg4 39. fxg4 f3 40. Bxg5 Bxh2 41. Bf6 f2 42. Ke2 Ke4 43. Kxf2 Bf4 44. d5 exd5 45. Bb2 d4 46. Ke2 d3+ 47. Kd1 Kf3 48. Bc3 Kxg4 49. Bd2 Kf3 50. Bc3 Ke4 0-1

[Event "Agai Sachdeva Memorial"]
[Site "Agra"]
[Date "2024.08.11"]
[Round "7"]
[White "Kavinkumar, G."]
[Black "Merryston, David Scanny"]
[Result "1-0"]
[WhiteElo "1728"]
[BlackElo "1714"]
[PlyCount "111"]
[EventDate "2024.08.09"]
[EventType "swiss"]
[EventRounds "9"]
[EventCountry "IND"]
[SourceTitle "EXT 2025"]
[Source "ChessBase"]
[SourceDate "2024.10.14"]
[SourceVersion "1"]
[SourceVersionDate "2024.10.14"]
[SourceQuality "1"]

1. d4 Nf6 2. Bf4 c5 3. e3 e6 4. c3 Nc6 5. Nd2 d6 6. Ngf3 cxd4 7. exd4 Be7 8. Bc4 0-0 9. 0-0 Nh5 10. Bg3 Nxg3 11. hxg3 Qc7 12. Re1 Rd8 13. Qe2 d5 14. Bd3 Bf6 15. Ne5 Nxe5 16. dxe5 Be7 17. Nf3 a6 18. Nd4 g6 19. Rad1 Bd7 20. g4 b5 21. a3 Rac8 22. f4 Bc5 23. f5 Qb6 24. Bb1 Re8 25. f6 a5 26. b4 axb4 27. axb4 Bf8 28. Qe3 Rc4 29. Ba2 Rc7 30. Rd3 Rec8 31. Kf2 Qa7 32. Re2 Qa3 33. Bb3 Qa7 34. g3 Qa1 35. Re1 Qb2+ 36. Re2 Qa1 37. Ra2 Qh1 38. Nf3 Bc6 39. Rd1 Qh3 40. Qd4 Be8 41. Rc2 Rc4 42. Bxc4 Rxc4 43. Qd3 Rxg4 44. Rg1 Re4 45. Ra2 Qf5 46. Ra8 Bc6 47. Rc8 Rc4 48. Qxf5 gxf5 49. Rc1 Bb7 50. Rxc4 dxc4 51. Ra1 h6 52. Nd4 h5 53. Nxb5 Kh7 54. Nd6 Bxd6 55. exd6 Kg6 56. d7 1-0

[Event "Agai Sachdeva Memorial"]
[Site "Agra"]
[Date "2024.08.11"]
[Round "9"]
[White "Ojas, Joshi"]
[Black "Kavinkumar, G."]
[Result "0-1"]
[WhiteElo "1670"]
[BlackElo "1728"]
[PlyCount "34"]
[EventDate "2024.08.09"]
[EventType "swiss"]
[EventRounds "9"]
[EventCountry "IND"]
[SourceTitle "EXT 2025"]
[Source "ChessBase"]
[SourceDate "2024.10.14"]
[SourceVersion "1"]
[SourceVersionDate "2024.10.14"]
[SourceQuality "1"]

1. d4 d5 2. c4 c6 3. Nf3 Nf6 4. Nc3 Bf5 5. a4 e6 6. e3 Nbd7 7. Bd3 Bg6 8. 0-0 Bd6 9. Re1 Ne4 10. Qc2 f5 11. Nd2 Bxh2+ 12. Kf1 Bd6 13. Nf3 Bh5 14. Ke2 Qg5 15. Kf1 Qh6 16. b3 Bg4 17. Ng1 Qh1 0-1

[Event "Agai Sachdeva Memorial"]
[Site "Agra"]
[Date "2024.08.10"]
[Round "6"]
[White "Wankhade, Sanskruti"]
[Black "Kavinkumar, G."]
[Result "1/2-1/2"]
[WhiteElo "1775"]
[BlackElo "1728"]
[PlyCount "90"]
[EventDate "2024.08.09"]
[EventType "swiss"]
[EventRounds "9"]
[EventCountry "IND"]
[SourceTitle "EXT 2025"]
[Source "ChessBase"]
[SourceDate "2024.10.14"]
[SourceVersion "1"]
[SourceVersionDate "2024.10.14"]
[SourceQuality "1"]

1. d4 d5 2. c4 c6 3. Nf3 Nf6 4. e3 Bf5 5. Nc3 e6 6. Be2 Nbd7 7. 0-0 Bd6 8. b3 Ne4 9. Bb2 Qf6 10. Nxe4 dxe4 11. Nd2 Qh6 12. g3 Nf6 13. c5 Bc7 14. Nc4 Qh3 15. f4 h5 16. Rf2 h4 17. Bf1 hxg3 18. Bxh3 gxf2+ 19. Kxf2 Rxh3 20. Kg1 Ng4 21. Qd2 Nxh2 22. Qxh2 Rxh2 23. Kxh2 0-0-0 24. Kg2 g5 25. fxg5 Rg8 26. Kf2 Rxg5 27. Rh1 Rg8 28. Rh6 Bg4 29. Ne5 Bxe5 30. dxe5 Bf3 31. Rh2 b6 32. b4 bxc5 33. bxc5 Kb7 34. Bd4 Ka6 35. Ke1 Rg1+ 36. Kd2 Rg2+ 37. Rxg2 Bxg2 38. Kc3 Kb7 39. Kb4 Ka6 40. Kc3 Bf1 41. Kb4 Bd3 42. Bc3 Be2 43. Bd4 Bd3 44. Bc3 Be2 45. Bd4 Bd3 1/2-1/2